[Event "Bristol SBC op"]
[Site "Bristol"]
[Date "2009.08.16"]
[Round "4"]
[White "Beveridge, Nigel"]
[Black "Wynarczyk, Raymond"]
[Result "1/2-1/2"]
[WhiteElo "2013"]
[BlackElo "1934"]
[PlyCount "64"]
[EventDate "2009.08.14"]
[EventType "swiss"]
[EventRounds "5"]
[EventCountry "ENG"]
[SourceTitle "CBM 131 Extra"]
[Source "ChessBase"]
[SourceDate "2009.09.03"]
[SourceVersion "2"]
[SourceVersionDate "2009.09.16"]
[SourceQuality "1"]

1. c4 e6 2. g3 d5 3. Bg2 Nf6 4. Nf3 dxc4 5. 0-0 a6 6. a4 Be7 7. Na3 0-0 8. Nxc4 Nbd7 9. b3 c5 10. Bb2 Nb6 11. a5 Nbd5 12. Nfe5 Nd7 13. f4 Nxe5 14. fxe5 Bd7 15. Qc2 Bc6 16. Bc3 Nxc3 17. Qxc3 Bxg2 18. Kxg2 f6 19. Qe3 Qd5+ 20. Kg1 Rad8 21. Rad1 fxe5 22. Rxf8+ Rxf8 23. Qxe5 Bf6 24. Qxd5 exd5 25. Nd6 Rd8 26. Nf5 h5 27. Kg2 d4 28. g4 hxg4 29. Rc1 Rc8 30. Nd6 Rc7 31. Ne4 Bd8 32. d3 Rc6 1/2-1/2

[Event "Tom Weston Major op"]
[Site "Cardiff"]
[Date "2009.04.12"]
[Round "5"]
[White "Bowers, John"]
[Black "Beveridge, Nigel"]
[Result "0-1"]
[WhiteElo "1648"]
[BlackElo "1928"]
[PlyCount "82"]
[EventDate "2009.04.10"]
[EventType "swiss"]
[EventRounds "7"]
[EventCountry "WLS"]
[SourceTitle "EXT 2011"]
[Source "ChessBase"]
[SourceDate "2010.11.26"]
[SourceVersion "1"]
[SourceVersionDate "2010.11.26"]
[SourceQuality "1"]

1. e4 c6 2. d4 d5 3. e5 c5 4. c3 Nc6 5. Nf3 Bg4 6. Be2 e6 7. Qa4 Bxf3 8. Bxf3 cxd4 9. cxd4 Qb6 10. 0-0 Qxd4 11. Qb5 Qb4 12. Nc3 Qxb5 13. Nxb5 Rc8 14. Bf4 a6 15. Nc3 Nge7 16. Rfe1 Ng6 17. Bg3 Bb4 18. a3 Ba5 19. Rac1 0-0 20. h4 Bc7 21. Bxd5 exd5 22. Nxd5 Bb8 23. f4 Nge7 24. Nb6 Rcd8 25. Bf2 h5 26. Bc5 Rd3 27. Kf2 Rfd8 28. Nc4 Nf5 29. Bb6 Ba7 30. Bxa7 Nxa7 31. Ne3 Nxe3 32. Rxe3 Nc6 33. e6 Rxe3 34. exf7+ Kxf7 35. Kxe3 Ke6 36. Rc5 Rd5 37. Rc3 Kf5 38. g3 Kg4 39. Ke2 Nd4+ 40. Kf2 Nf5 41. Rc7 Rd2+ 0-1

[Event "Torquay op"]
[Site "Torquay"]
[Date "2008.11.22"]
[Round "2"]
[White "Beveridge, Nigel"]
[Black "Helbig, Paul"]
[Result "1/2-1/2"]
[WhiteElo "2013"]
[BlackElo "2172"]
[PlyCount "80"]
[EventDate "2008.11.21"]
[EventType "swiss"]
[EventRounds "5"]
[EventCountry "ENG"]
[SourceTitle "EXT 2011"]
[Source "ChessBase"]
[SourceDate "2010.11.26"]
[SourceVersion "1"]
[SourceVersionDate "2010.11.26"]
[SourceQuality "1"]

1. c4 g6 2. Nc3 Bg7 3. g3 e5 4. Bg2 d6 5. d3 Nc6 6. e3 Be6 7. Nge2 Qd7 8. Nd5 Nge7 9. Rb1 0-0 10. 0-0 Nd8 11. b4 Nc8 12. e4 c6 13. Ne3 Bh3 14. d4 Bxg2 15. Kxg2 exd4 16. Nxd4 Ne6 17. Ne2 Ne7 18. Qd3 f5 19. exf5 Nxf5 20. Nxf5 Rxf5 21. Be3 d5 22. cxd5 Rxd5 23. Qb3 Rd3 24. Rbd1 Qd5+ 25. Qxd5 Rxd5 26. Rxd5 cxd5 27. Nf4 Nxf4+ 28. Bxf4 Rc8 29. Rc1 Rc3 30. Kf1 Kf7 31. Ke2 Ke6 32. Rxc3 Bxc3 33. b5 a6 34. bxa6 bxa6 35. Kd3 Bf6 36. Be3 h5 37. f3 h4 38. Bd4 Be7 39. Ke3 Bd6 40. f4 hxg3 1/2-1/2

[Event "Cotswold op"]
[Site "Cheltenham"]
[Date "2007.05.28"]
[Round "6"]
[White "Beveridge, Nigel"]
[Black "Ponter, Ian"]
[Result "1-0"]
[WhiteElo "1904"]
[BlackElo "1960"]
[PlyCount "57"]
[EventDate "2007.05.26"]
[EventType "swiss"]
[EventRounds "6"]
[EventCountry "ENG"]
[SourceTitle "EXT 2008"]
[Source "ChessBase"]
[SourceDate "2007.11.25"]
[SourceVersion "1"]
[SourceVersionDate "2007.11.25"]
[SourceQuality "1"]

1. d4 d5 2. Bg5 h6 3. Bh4 c6 4. e3 Qb6 5. Qc1 e5 6. Nf3 Nd7 7. Be2 e4 8. Nfd2 Ne7 9. c4 f5 10. Bh5+ Kd8 11. Nc3 g5 12. Bg3 Bg7 13. c5 Qa6 14. Be2 b5 15. a4 Qb7 16. axb5 f4 17. exf4 Bxd4 18. Nb3 Bxc5 19. fxg5 Bb4 20. 0-0 Nb6 21. bxc6 Qxc6 22. Bb5 Qg6 23. Qf4 Bd7 24. Qc7+ Ke8 25. Bxd7+ Nxd7 26. Qb7 Bxc3 27. Qxa8+ Kf7 28. Qxa7 Bxb2 29. Rab1 1-0

[Event "Cotswold op"]
[Site "Cheltenham"]
[Date "2007.05.26"]
[Round "1"]
[White "Beveridge, Nigel"]
[Black "White, Michael JR"]
[Result "0-1"]
[WhiteElo "1904"]
[BlackElo "2200"]
[PlyCount "52"]
[EventDate "2007.05.26"]
[EventType "swiss"]
[EventRounds "6"]
[EventCountry "ENG"]
[SourceTitle "EXT 2008"]
[Source "ChessBase"]
[SourceDate "2007.11.25"]
[SourceVersion "1"]
[SourceVersionDate "2007.11.25"]
[SourceQuality "1"]

1. d4 Nf6 2. Bg5 Ne4 3. Bf4 c5 4. f3 Qa5+ 5. c3 Nf6 6. d5 Qb6 7. Bc1 e6 8. c4 exd5 9. cxd5 c4 10. e4 Bc5 11. Nh3 0-0 12. Nc3 d6 13. Bxc4 Bxh3 14. gxh3 Nbd7 15. Rf1 Ne5 16. Be2 Nfd7 17. Qb3 Qd8 18. Bf4 Qh4+ 19. Bg3 Qh6 20. f4 Ng6 21. 0-0-0 Be3+ 22. Kb1 Nc5 23. Qb4 a5 24. Qb6 Nxf4 25. e5 Qg6+ 26. Ka1 a4 0-1

[Event "WLS-chT 0607"]
[Site "Wales"]
[Date "2007.02.04"]
[Round "4"]
[White "Beveridge, Nigel"]
[Black "Ralphs, Nigel"]
[Result "1/2-1/2"]
[WhiteElo "2015"]
[BlackElo "2053"]
[PlyCount "64"]
[EventDate "2006.09.26"]
[EventType "team-tourn"]
[EventRounds "7"]
[EventCountry "WLS"]
[SourceTitle "EXT 2010"]
[Source "ChessBase"]
[SourceDate "2010.11.25"]
[SourceVersion "1"]
[SourceVersionDate "2010.11.25"]
[SourceQuality "1"]

1. Nf3 d5 2. g3 Nf6 3. Bg2 c6 4. d3 Bg4 5. Nbd2 Nbd7 6. h3 Bxf3 7. Nxf3 e6 8. 0-0 Be7 9. b3 0-0 10. Bb2 Qa5 11. a3 Qb6 12. e3 Rfe8 13. Qe2 Bf8 14. e4 dxe4 15. dxe4 e5 16. Nd2 Qc7 17. Rae1 a5 18. h4 Bc5 19. Bh3 Qd6 20. Nc4 Qc7 21. a4 Nb6 22. Nxb6 Qxb6 23. Rd1 Qb4 24. Bg2 h5 25. Bf3 Rad8 26. Rd3 Rxd3 27. Qxd3 Bd4 28. Bc1 Rd8 29. Kg2 Bb6 30. Qe2 g6 31. Re1 Kg7 32. Kf1 Bc5 1/2-1/2

[Event "South Wales Winter op"]
[Site "Newport"]
[Date "2007.01.06"]
[Round "3"]
[White "Beveridge, Nigel"]
[Black "White, Michael JR"]
[Result "0-1"]
[WhiteElo "2009"]
[BlackElo "2200"]
[PlyCount "40"]
[EventDate "2007.01.05"]
[EventType "swiss"]
[EventRounds "5"]
[EventCountry "WLS"]
[SourceTitle "EXT 2008"]
[Source "ChessBase"]
[SourceDate "2007.11.25"]
[SourceVersion "1"]
[SourceVersionDate "2007.11.25"]
[SourceQuality "1"]

1. e4 c5 2. a3 g6 3. b4 Bg7 4. Nc3 b6 5. Rb1 e6 6. g3 Ne7 7. Bg2 Nbc6 8. Nge2 0-0 9. 0-0 a5 10. bxc5 bxc5 11. Na4 d6 12. Bb2 e5 13. d3 f5 14. f4 Rb8 15. Nac3 fxe4 16. dxe4 exf4 17. gxf4 Bg4 18. Qc1 Qd7 19. Kh1 h5 20. Qe3 Nd4 0-1

[Event "BCF-chT4 0506 (4NCL)"]
[Site "West Bromwich"]
[Date "2006.05.27"]
[Round "9.2"]
[White "Farrand, Julian"]
[Black "Beveridge, Nigel"]
[Result "0-1"]
[WhiteElo "2140"]
[BlackElo "2050"]
[PlyCount "80"]
[EventDate "2005.11.05"]
[EventType "team"]
[EventRounds "11"]
[EventCountry "ENG"]
[SourceTitle "CBM 109 Extra"]
[Source "ChessBase"]
[SourceDate "2006.01.03"]
[SourceVersion "2"]
[SourceVersionDate "2006.01.03"]
[SourceQuality "1"]
[WhiteTeam "Cavendish"]
[BlackTeam "Monmouth"]
[WhiteTeamCountry "ENG"]
[BlackTeamCountry "ENG"]

1. d4 g6 2. e4 Bg7 3. Nc3 d6 4. Be3 a6 5. a4 b6 6. Bc4 e6 7. Nf3 Nd7 8. Qd2 h6 9. 0-0 Ne7 10. Ra3 Bb7 11. b4 Nf6 12. Bd3 Nc6 13. b5 Nb4 14. bxa6 Nxa6 15. Rb1 d5 16. exd5 Nxd5 17. Nxd5 Qxd5 18. Rb5 Qd6 19. Rbb3 Bd5 20. Bf4 Qe7 21. Rc3 g5 22. Be5 0-0 23. Bxg7 Kxg7 24. Ne5 Qb4 25. h4 Qxd4 26. Qe2 Nc5 27. Bc4 Ne4 28. Rd3 Qxe5 29. Bxd5 exd5 30. f3 Rfe8 31. fxe4 dxe4 32. Rd1 Qc5+ 33. Re3 Rxa4 34. Kh1 Qe5 35. g3 Ra1 36. hxg5 Rxd1+ 37. Qxd1 hxg5 38. Kg2 Kg6 39. Qd7 c5 40. Rb3 Re6 0-1

[Event "South Wales Winter op"]
[Site "Newport"]
[Date "2006.01.08"]
[Round "5.5"]
[White "Beveridge, Nigel"]
[Black "Adams, Mark"]
[Result "1/2-1/2"]
[WhiteElo "1994"]
[BlackElo "2079"]
[PlyCount "52"]
[EventDate "2006.01.06"]
[EventType "swiss"]
[EventRounds "5"]
[EventCountry "WLS"]
[SourceTitle "EXT 2007"]
[Source "ChessBase"]
[SourceDate "2006.11.23"]
[SourceVersion "1"]
[SourceVersionDate "2006.11.23"]
[SourceQuality "1"]

1. d4 Nf6 2. c4 e6 3. Nf3 Bb4+ 4. Nbd2 b6 5. a3 Bxd2+ 6. Qxd2 d6 7. e3 Bb7 8. Be2 Nbd7 9. 0-0 Ne4 10. Qc2 0-0 11. Nd2 f5 12. f3 Nxd2 13. Bxd2 Qf6 14. b4 c5 15. Bc3 Qh6 16. Bd2 Qf6 17. dxc5 dxc5 18. Rfd1 Qe7 19. Be1 Rad8 20. Bg3 e5 21. Bd3 g6 22. e4 f4 23. Be1 Nb8 24. b5 Rd6 25. Bc3 Rfd8 26. Be2 Rxd1+ 1/2-1/2

[Event "South Wales Winter op"]
[Site "Newport"]
[Date "2006.01.08"]
[Round "4.7"]
[White "Khanna, Perry"]
[Black "Beveridge, Nigel"]
[Result "1/2-1/2"]
[WhiteElo "1854"]
[BlackElo "1994"]
[PlyCount "35"]
[EventDate "2006.01.06"]
[EventType "swiss"]
[EventRounds "5"]
[EventCountry "WLS"]
[SourceTitle "EXT 2007"]
[Source "ChessBase"]
[SourceDate "2006.11.23"]
[SourceVersion "1"]
[SourceVersionDate "2006.11.23"]
[SourceQuality "1"]

1. e4 g6 2. d4 Bg7 3. c4 d6 4. Nc3 Nd7 5. Be3 e5 6. d5 Ne7 7. Bd3 0-0 8. Nge2 f5 9. f3 Nf6 10. c5 c6 11. Bc4 cxd5 12. exd5 Kh8 13. Nb5 Ne8 14. b4 Ng8 15. h4 Ngf6 16. Rc1 Bd7 17. Nec3 a6 18. Nxd6 1/2-1/2

[Event "BCF-chT4 0506 (4NCL)"]
[Site "West Bromwich"]
[Date "2005.11.05"]
[Round "1.3"]
[White "Beveridge, Nigel"]
[Black "Kilpatrick, Callum"]
[Result "0-1"]
[WhiteElo "2050"]
[BlackElo "2070"]
[PlyCount "90"]
[EventDate "2005.11.05"]
[EventType "team"]
[EventRounds "11"]
[EventCountry "ENG"]
[SourceTitle "CBM 109 Extra"]
[Source "ChessBase"]
[SourceDate "2006.01.03"]
[SourceVersion "2"]
[SourceVersionDate "2006.01.03"]
[SourceQuality "1"]
[WhiteTeam "Monmouth"]
[BlackTeam "SC Stars"]
[WhiteTeamCountry "ENG"]
[BlackTeamCountry "ENG"]

1. d4 Nf6 2. c4 g6 3. Nc3 Bg7 4. e4 d6 5. Be2 0-0 6. Bg5 c5 7. d5 e6 8. f3 Na6 9. Qd2 exd5 10. cxd5 Qa5 11. a4 Nc7 12. Nb5 Qxd2+ 13. Kxd2 Nxb5 14. axb5 h6 15. Be3 Ne8 16. Ra2 Nc7 17. Nh3 g5 18. Nf2 Bd7 19. h4 f5 20. Nh3 f4 21. Bf2 g4 22. fxg4 Nxb5 23. g5 a6 24. gxh6 Bxh6 25. Ng5 Rae8 26. Bf3 Bxg5 27. hxg5 Re5 28. g6 Re7 29. Raa1 Be8 30. Rh6 Rg7 31. e5 dxe5 32. Bxc5 Bxg6 33. Bxf8 Kxf8 34. Re1 Nd6 35. Rh8+ Kf7 36. Rh4 Kf6 37. Rf1 Bf5 38. Rh2 e4 39. Be2 Ke5 40. b3 Rc7 41. Bd1 e3+ 42. Ke2 Bg4+ 43. Rf3 Ne4 44. Rh4 Ng3+ 45. Ke1 Bxf3 0-1

[Event "WLS-ch Major"]
[Site "Cardiff"]
[Date "2005.03.26"]
[Round "2"]
[White "Beveridge, Nigel"]
[Black "Williams, Stephen"]
[Result "1-0"]
[WhiteElo "1972"]
[BlackElo "1690"]
[PlyCount "79"]
[EventDate "2005.03.25"]
[EventType "swiss"]
[EventRounds "7"]
[EventCountry "WLS"]
[SourceTitle "EXT 2006"]
[Source "ChessBase"]
[SourceDate "2005.11.24"]
[SourceVersion "1"]
[SourceVersionDate "2005.11.24"]
[SourceQuality "1"]

1. d4 Nf6 2. c4 g6 3. Nc3 Bg7 4. e4 d6 5. Nf3 0-0 6. Be2 e5 7. d5 a5 8. Bg5 h6 9. Bh4 Na6 10. Nd2 Nc5 11. Qc2 Bd7 12. f3 Qe8 13. Bf2 Nh5 14. g3 Nf6 15. Nb5 Qd8 16. a3 Ne8 17. Be3 c6 18. Nc3 Na6 19. 0-0-0 b5 20. dxc6 Be6 21. cxb5 Nc5 22. Nc4 Qc7 23. b4 axb4 24. axb4 Bxc4 25. Bxc4 Ne6 26. Bxe6 fxe6 27. Rhf1 Kh7 28. Kd2 Nf6 29. Ke2 Rad8 30. Qb3 Rfe8 31. Rd2 d5 32. exd5 exd5 33. Nxd5 Nxd5 34. Rxd5 Rxd5 35. Qxd5 Rd8 36. Qb3 Rb8 37. Qc4 Rc8 38. Rd1 Rd8 39. Rxd8 Qxd8 40. b6 1-0

[Event "BCF-chT4b 0405 (4NCL)"]
[Site "Telford"]
[Date "2004.11.06"]
[Round "1.2"]
[White "Calvert, David Ian"]
[Black "Beveridge, Nigel"]
[Result "0-1"]
[WhiteElo "2041"]
[BlackElo "2000"]
[PlyCount "80"]
[EventDate "2004.11.06"]
[EventType "team"]
[EventRounds "11"]
[EventCountry "ENG"]
[SourceTitle "EXT 2006"]
[Source "ChessBase"]
[SourceDate "2005.11.24"]
[SourceVersion "1"]
[SourceVersionDate "2005.11.24"]
[SourceQuality "1"]
[WhiteTeam "Metropolitan"]
[BlackTeam "Monmouth"]
[WhiteTeamCountry "ENG"]
[BlackTeamCountry "ENG"]

1. b3 f5 2. Bb2 Nf6 3. g3 e6 4. Bg2 Be7 5. d3 Nc6 6. Nd2 0-0 7. e4 fxe4 8. dxe4 e5 9. Ngf3 d6 10. Qe2 Qe8 11. h3 Nd7 12. Nc4 Nc5 13. 0-0 Qg6 14. Rae1 Be6 15. c3 a5 16. Nfd2 b5 17. Ne3 b4 18. Nd5 Bd8 19. c4 Bd7 20. Qe3 Ne6 21. f4 Qh6 22. Rf2 Ncd4 23. fxe5 Bg5 24. Bxd4 Bxe3 25. Bxe3 Qh5 26. exd6 Rxf2 27. Bxf2 cxd6 28. Nb6 Rd8 29. Nxd7 Rxd7 30. Nf3 Nc5 31. Re3 Qg6 32. e5 Qb1+ 33. Re1 Qxa2 34. exd6 Nd3 35. Rf1 Rxd6 36. Ng5 Nxf2 37. Rxf2 Rd1+ 38. Bf1 Qxb3 39. Kg2 Qe3 40. h4 Rd2 0-1

[Event "Monmouth op"]
[Site "Monmouth"]
[Date "2004.07.??"]
[Round "5"]
[White "Beveridge, Nigel"]
[Black "Jones, Richard S"]
[Result "0-1"]
[WhiteElo "2028"]
[BlackElo "2262"]
[PlyCount "64"]
[EventDate "2004.??.??"]
[EventType "swiss"]
[EventRounds "5"]
[EventCountry "WLS"]
[SourceTitle "EXT 2007"]
[Source "ChessBase"]
[SourceDate "2006.11.23"]
[SourceVersion "1"]
[SourceVersionDate "2006.11.23"]
[SourceQuality "1"]

1. e4 c5 2. Nf3 d6 3. d4 cxd4 4. Nxd4 Nf6 5. Nc3 a6 6. f3 e6 7. Be3 b5 8. Qd2 Bb7 9. g4 h6 10. 0-0-0 Nbd7 11. Rg1 b4 12. Na4 Qa5 13. b3 Nc5 14. h4 Nxa4 15. bxa4 Qxa4 16. Kb1 Bxe4 17. Bc4 Bd5 18. Bb3 Bxb3 19. cxb3 Qa5 20. Qc2 Qc5 21. Qe2 Nd5 22. Rc1 Nc3+ 23. Rxc3 bxc3 24. Nxe6 c2+ 25. Kb2 Qe5+ 26. Nd4 Be7 27. Qd3 0-0 28. f4 Qd5 29. g5 h5 30. f5 Rfe8 31. g6 Bf6 32. gxf7+ Kxf7 0-1

[Event "Cotswold op"]
[Site "Cheltenham"]
[Date "2004.05.30"]
[Round "4"]
[White "White, Stuart A"]
[Black "Beveridge, Nigel"]
[Result "1/2-1/2"]
[WhiteElo "2030"]
[BlackElo "2028"]
[PlyCount "49"]
[EventDate "2004.05.29"]
[EventType "swiss"]
[EventRounds "6"]
[EventCountry "ENG"]
[SourceTitle "EXT 2007"]
[Source "ChessBase"]
[SourceDate "2006.11.23"]
[SourceVersion "1"]
[SourceVersionDate "2006.11.23"]
[SourceQuality "1"]

1. Nf3 d5 2. c4 e6 3. g3 Nf6 4. Bg2 c6 5. b3 Nbd7 6. Bb2 Bd6 7. 0-0 0-0 8. d3 Re8 9. Nbd2 e5 10. e4 Nc5 11. Qc2 a5 12. Nh4 dxe4 13. Nxe4 Nfxe4 14. dxe4 Qb6 15. Bc3 g6 16. Qd2 Bf8 17. Qe3 Qc7 18. Nf3 f6 19. Rfd1 Be6 20. Rd2 Na6 21. Nh4 a4 22. Kh1 axb3 23. axb3 Nc5 24. Rb1 Red8 25. Bf1 1/2-1/2

[Event "South Wales Winter op"]
[Site "Newport"]
[Date "2004.01.04"]
[Round "4"]
[White "Beveridge, Nigel"]
[Black "Turner, John David"]
[Result "1-0"]
[WhiteElo "1988"]
[BlackElo "1869"]
[PlyCount "84"]
[EventDate "2004.01.02"]
[EventType "swiss"]
[EventRounds "5"]
[EventCountry "WLS"]
[SourceTitle "CBM 103 Extra"]
[Source "ChessBase"]
[SourceDate "2005.01.01"]
[SourceVersion "1"]
[SourceVersionDate "2005.01.01"]
[SourceQuality "1"]

1. d4 Nf6 2. Nf3 c5 3. d5 d6 4. c4 e5 5. Nc3 Be7 6. e4 a6 7. Qc2 0-0 8. Be2 Bg4 9. h4 Nbd7 10. Bd2 Rb8 11. a4 Ne8 12. g3 Nc7 13. Qd3 Bxf3 14. Bxf3 Nb6 15. Bg4 Nc8 16. Ra3 b6 17. 0-0 Qe8 18. Be2 Qd7 19. Qf3 Na7 20. Nd1 Rb7 21. Ne3 b5 22. axb5 axb5 23. Rfa1 Nc8 24. Nf5 g6 25. Qg4 Kh8 26. Bh6 Rg8 27. Nxe7 Qxg4 28. Bxg4 Nxe7 29. Ra7 Rgb8 30. Rxb7 Rxb7 31. Bf8 Ng8 32. Bxd6 Ne8 33. Bxe5+ f6 34. Bc3 b4 35. Bd2 Nd6 36. Be3 Nxe4 37. Bf3 Nd6 38. b3 Rc7 39. Ra5 Nf5 40. Bxc5 g5 41. hxg5 fxg5 42. Bxb4 Kg7 1-0

[Event "South Wales Winter op"]
[Site "Newport"]
[Date "2004.01.03"]
[Round "3"]
[White "Spencer, Douglas"]
[Black "Beveridge, Nigel"]
[Result "1/2-1/2"]
[WhiteElo "1848"]
[BlackElo "1988"]
[PlyCount "62"]
[EventDate "2004.01.02"]
[EventType "swiss"]
[EventRounds "5"]
[EventCountry "WLS"]
[SourceTitle "CBM 103 Extra"]
[Source "ChessBase"]
[SourceDate "2005.01.01"]
[SourceVersion "1"]
[SourceVersionDate "2005.01.01"]
[SourceQuality "1"]

1. d4 e6 2. Nf3 Nf6 3. c4 c5 4. d5 exd5 5. cxd5 d6 6. Nc3 g6 7. g3 Bg7 8. Bg2 0-0 9. 0-0 Re8 10. Re1 a6 11. a4 b6 12. e4 Bg4 13. h3 Bxf3 14. Bxf3 Ra7 15. Bg2 Rae7 16. Bd2 b5 17. axb5 axb5 18. Nxb5 Nxe4 19. Ba5 Qd7 20. Qd3 Nf6 21. Rxe7 Rxe7 22. Bc7 Qc8 23. Bxd6 Rb7 24. Bxb8 c4 25. Qd2 Qxb8 26. d6 Nd7 27. Bxb7 Qxb7 28. Qa5 Bf8 29. Qb4 Ne5 30. Qc5 Nf3+ 31. Kf1 Nd2+ 1/2-1/2

[Event "Monmouth op"]
[Site "Monmouth"]
[Date "2003.07.??"]
[Round "?"]
[White "White, Ernest Michael"]
[Black "Beveridge, Nigel"]
[Result "1-0"]
[WhiteElo "2028"]
[BlackElo "2022"]
[PlyCount "51"]
[EventDate "2003.??.??"]
[EventType "swiss"]
[EventRounds "5"]
[EventCountry "WLS"]
[SourceTitle "EXT 2007"]
[Source "ChessBase"]
[SourceDate "2006.11.23"]
[SourceVersion "1"]
[SourceVersionDate "2006.11.23"]
[SourceQuality "1"]

1. e4 e5 2. Nf3 Nc6 3. d4 exd4 4. Bc4 Nf6 5. 0-0 Bc5 6. e5 d5 7. exf6 dxc4 8. Re1+ Be6 9. fxg7 Rg8 10. Bg5 Be7 11. Bxe7 Kxe7 12. Re4 Qd5 13. Nc3 Qc5 14. Nxd4 Rad8 15. Nxc6+ Qxc6 16. Qg4 f5 17. Qh4+ Kf7 18. Re2 Rxg7 19. g3 Rd6 20. Rae1 a6 21. Re5 Kg8 22. Qh5 Rg6 23. Ne2 Bf7 24. Qxf5 Rdf6 25. Qc8+ Kg7 26. Nd4 1-0

[Event "BCF-chT2 0203 (4NCL)"]
[Site "West Bromwich"]
[Date "2003.04.13"]
[Round "8.5"]
[White "Smallbone, Kieran"]
[Black "Beveridge, Nigel"]
[Result "1/2-1/2"]
[WhiteElo "2156"]
[BlackElo "2133"]
[PlyCount "109"]
[EventDate "2002.11.??"]
[EventType "team"]
[EventRounds "11"]
[EventCountry "ENG"]
[SourceTitle "EXT 2004"]
[Source "ChessBase"]
[SourceDate "2003.11.25"]
[SourceVersion "1"]
[SourceVersionDate "2003.11.25"]
[SourceQuality "1"]
[WhiteTeam "Barbican III"]
[BlackTeam "The ADS II"]
[WhiteTeamCountry "ENG"]
[BlackTeamCountry "ENG"]

1. e4 c5 2. Nf3 e6 3. d3 Nc6 4. g3 d5 5. Nbd2 Nf6 6. Bg2 Be7 7. 0-0 0-0 8. Re1 b5 9. e5 Ne8 10. c4 bxc4 11. dxc4 Nc7 12. a3 Rb8 13. Qc2 f6 14. exf6 Rxf6 15. Nb3 Qf8 16. Ne5 Nxe5 17. Rxe5 Bd7 18. Na5 Bd6 19. Re1 Rb6 20. f4 Qb8 21. b4 cxb4 22. c5 b3 23. Nxb3 Rxb3 24. cxd6 Ne8 25. Be3 Nxd6 26. Rab1 Ba4 27. Rxb3 Qxb3 28. Qxb3 Bxb3 29. Bxa7 Nb5 30. Bc5 d4 31. Bf1 Rf5 32. Re5 Rxe5 33. fxe5 Ba4 34. Bc4 Kf7 35. Kf2 Nc3 36. Bxd4 Nd5 37. Ke2 Ke7 38. Bc5+ Kd7 39. Bf8 g6 40. Kd3 Kc6 41. Kd4 Nc7 42. Bb4 Bc2 43. Kc3 Bd1 44. Bb3 Nd5+ 45. Kb2 Bxb3 46. Kxb3 Ne3 47. Kc3 Ng4 48. Kd4 Nxh2 49. Ke4 h5 50. Kf4 Nf1 51. Be1 Kd5 52. a4 g5+ 53. Kxg5 Kxe5 54. a5 Kd5 55. Kxh5 1/2-1/2

[Event "BCF-chT2 0203 (4NCL)"]
[Site "West Bromwich"]
[Date "2003.03.09"]
[Round "6.7"]
[White "Beveridge, Nigel"]
[Black "Coates, Kenneth G"]
[Result "1/2-1/2"]
[WhiteElo "2022"]
[BlackElo "2169"]
[PlyCount "74"]
[EventDate "2002.11.??"]
[EventType "team"]
[EventRounds "11"]
[EventCountry "ENG"]
[SourceTitle "EXT 2004"]
[Source "ChessBase"]
[SourceDate "2003.11.25"]
[SourceVersion "1"]
[SourceVersionDate "2003.11.25"]
[SourceQuality "1"]
[WhiteTeam "The ADS II"]
[BlackTeam "Guildford II"]
[WhiteTeamCountry "ENG"]
[BlackTeamCountry "ENG"]

1. e4 e5 2. d4 exd4 3. Qxd4 Nc6 4. Qe3 Nf6 5. Nc3 Bb4 6. Bd2 0-0 7. 0-0-0 Re8 8. Qg3 Rxe4 9. a3 Bxc3 10. Bxc3 d6 11. h3 Ne8 12. Bd3 Re7 13. Nf3 Be6 14. Rhe1 Qd7 15. Ng5 Bf5 16. Ne4 Ne5 17. Bf1 Qc6 18. Qg5 Bxe4 19. Qxe7 Nf6 20. Rxe4 Qxe4 21. Qxc7 Nd5 22. Qa5 Nxc3 23. Qxc3 Qf4+ 24. Qd2 Qxd2+ 25. Rxd2 Rd8 26. Rd5 Kf8 27. Kd2 Ke7 28. f4 Nd7 29. Ke3 Rc8 30. Bd3 Nf6 31. Rb5 Rc7 32. g4 a6 33. Ra5 g6 34. Kd4 Nd7 35. b4 Nb8 36. b5 axb5 37. Rxb5 Nd7 1/2-1/2